000 00768cam a22002415a 4500
001 L157901
008 121121s2013 xxko f 000 0 eng d
020 _a9781848063150
035 _a(Sirsi) u157901
041 0 _aeng
100 1 _aLivesey, Katie
245 0 0 _aResponsible sourcing of materials in construction
260 _aWatford
_bBRE
_c2013
300 _a12p.
_bill.
_c30cm.
490 0 _aBRE Information Paper
_v(3/13)
520 _aGives straightforward user-friendly guidance on the benefits of, the reasons for and how to go about, the responsible procurement of all kinds of construction products.
521 _aAdvanced
590 _aKA
651 4 _aUnited Kingdom
_y
690 _aProcurement
_96260
700 1 _aHughes, Derek
942 _n0
999 _c115017
_d115017